<?xml version="1.0" encoding="UTF-8"?>
<collection xmlns="http://www.loc.gov/MARC21/slim">
 <record>
  <leader>02210pam a22002418a 4500</leader>
  <controlfield tag="001">00023193</controlfield>
  <controlfield tag="005">20171026081022.0</controlfield>
  <controlfield tag="008">110614s2007                  ||||||Viesd</controlfield>
  <datafield tag="041" ind1="0" ind2="#">
   <subfield code="a">Vie</subfield>
  </datafield>
  <datafield tag="082" ind1="1" ind2="4">
   <subfield code="a">495.17</subfield>
   <subfield code="b">GI108TR</subfield>
  </datafield>
  <datafield tag="100" ind1="0" ind2="#">
   <subfield code="a">Đặng Đức Siêu</subfield>
  </datafield>
  <datafield tag="245" ind1="0" ind2="0">
   <subfield code="a">Giáo trình ngữ văn Hán nôm</subfield>
   <subfield code="b">Sách dùng cho CĐSP</subfield>
   <subfield code="c">Đặng Đức Siêu; Nguyễn Ngọc San</subfield>
   <subfield code="n">T.2</subfield>
  </datafield>
  <datafield tag="260" ind1="#" ind2="#">
   <subfield code="a">H.</subfield>
   <subfield code="b">ĐHSP</subfield>
   <subfield code="c">2007</subfield>
  </datafield>
  <datafield tag="300" ind1="#" ind2="#">
   <subfield code="a">325 tr.</subfield>
   <subfield code="c">24 cm.</subfield>
  </datafield>
  <datafield tag="653" ind1="#" ind2="#">
   <subfield code="a">Hán nôm</subfield>
  </datafield>
  <datafield tag="653" ind1="#" ind2="#">
   <subfield code="a">Ngữ văn</subfield>
  </datafield>
  <datafield tag="700" ind1="0" ind2="#">
   <subfield code="a">Nguyễn Ngọc San</subfield>
  </datafield>
  <datafield tag="852" ind1="#" ind2="#">
   <subfield code="b">Kho giáo trình</subfield>
   <subfield code="j">KGT.0022622, KGT.0022623, KGT.0022624, KGT.0022625, KGT.0022626, KGT.0022627, KGT.0022628, KGT.0022629, KGT.0022630, KGT.0022631, KGT.0022632, KGT.0022633, KGT.0022634, KGT.0022635, KGT.0022636, KGT.0022637, KGT.0022638, KGT.0022639, KGT.0022640, KGT.0022641, KGT.0022642, KGT.0022643, KGT.0022644, KGT.0022645, KGT.0022646, KGT.0022647, KGT.0022648, KGT.0022649, KGT.0022650, KGT.0022651, KGT.0022652, KGT.0022653, KGT.0022654, KGT.0022655, KGT.0022656, KGT.0022657, KGT.0022658, KGT.0022659, KGT.0022660, KGT.0022661, KGT.0022662, KGT.0022663, KGT.0022664, KGT.0022665, KGT.0022666, KGT.0022667, KGT.0022668, KGT.0022669, KGT.0022670, KGT.0022671</subfield>
  </datafield>
  <datafield tag="852" ind1="#" ind2="#">
   <subfield code="b">Kho mượn</subfield>
   <subfield code="j">KGT.0022625, KGT.0052796, KGT.0052797, KGT.0052943, KGT.0052944</subfield>
  </datafield>
  <datafield tag="852" ind1="#" ind2="#">
   <subfield code="b">Kho đọc</subfield>
   <subfield code="j">KD.0009716</subfield>
  </datafield>
  <datafield tag="852" ind1="#" ind2="#">
   <subfield code="j">KGT.0022629</subfield>
   <subfield code="j">KGT.0022630</subfield>
   <subfield code="j">KGT.0022632</subfield>
   <subfield code="j">KGT.0022633</subfield>
   <subfield code="j">KGT.0022626</subfield>
   <subfield code="j">KGT.0022623</subfield>
   <subfield code="j">KGT.0022624</subfield>
   <subfield code="j">KGT.0022636</subfield>
   <subfield code="j">KGT.0022637</subfield>
   <subfield code="j">KGT.0022638</subfield>
   <subfield code="j">KGT.0022639</subfield>
   <subfield code="j">KGT.0022641</subfield>
   <subfield code="j">KGT.0022642</subfield>
   <subfield code="j">KGT.0022644</subfield>
   <subfield code="j">KGT.0022646</subfield>
   <subfield code="j">KGT.0022647</subfield>
   <subfield code="j">KGT.0022649</subfield>
   <subfield code="j">KGT.0022650</subfield>
   <subfield code="j">KGT.0022652</subfield>
   <subfield code="j">KGT.0022653</subfield>
   <subfield code="j">KGT.0022655</subfield>
   <subfield code="j">KGT.0022656</subfield>
   <subfield code="j">KGT.0022658</subfield>
   <subfield code="j">KGT.0022659</subfield>
   <subfield code="j">KGT.0022661</subfield>
   <subfield code="j">KGT.0022662</subfield>
   <subfield code="j">KGT.0022664</subfield>
   <subfield code="j">KGT.0022666</subfield>
   <subfield code="j">KGT.0022667</subfield>
   <subfield code="j">KGT.0022669</subfield>
   <subfield code="j">KGT.0022670</subfield>
   <subfield code="j">KGT.0052943</subfield>
   <subfield code="j">KGT.0052796</subfield>
   <subfield code="j">KD.0009716</subfield>
   <subfield code="j">KGT.0052797</subfield>
   <subfield code="j">KGT.0052944</subfield>
   <subfield code="j">KGT.0022622</subfield>
   <subfield code="j">KGT.0022625</subfield>
   <subfield code="j">KGT.0022627</subfield>
   <subfield code="j">KGT.0022628</subfield>
   <subfield code="j">KGT.0022631</subfield>
   <subfield code="j">KGT.0022634</subfield>
   <subfield code="j">KGT.0022635</subfield>
   <subfield code="j">KGT.0022640</subfield>
   <subfield code="j">KGT.0022643</subfield>
   <subfield code="j">KGT.0022645</subfield>
   <subfield code="j">KGT.0022648</subfield>
   <subfield code="j">KGT.0022651</subfield>
   <subfield code="j">KGT.0022654</subfield>
   <subfield code="j">KGT.0022657</subfield>
   <subfield code="j">KGT.0022660</subfield>
   <subfield code="j">KGT.0022663</subfield>
   <subfield code="j">KGT.0022665</subfield>
   <subfield code="j">KGT.0022668</subfield>
   <subfield code="j">KGT.0022671</subfield>
  </datafield>
  <datafield tag="910" ind1="0" ind2="#">
   <subfield code="a">Bằng</subfield>
   <subfield code="d">14/06/2011</subfield>
  </datafield>
  <datafield tag="980" ind1="#" ind2="#">
   <subfield code="a">Trung tâm Học liệu Lê Vũ Hùng, Trường Đại học Đồng Tháp</subfield>
  </datafield>
 </record>
</collection>
